[Event "Druzynowe Mistrzostwa Polski Juniorow - Ekstraliga"]
[Site "Osrodek Wczasowo - Szkoleniowy "Relax" ul. Stroma 20, 43-450 Ustron"]
[Date "2011-07-02"]
[Round "9.1"]
[White "Dowgird, Filip"]
[Black "Swiercz, Dariusz"]
[Result "1/2-1/2"]
[WhiteTitle "k"]
[BlackTitle "GM"]
[WhiteElo "2110"]
[BlackElo "2553"]

1. e4 c5 2. Nf3 Nc6 3. Bb5 e6 4. Bxc6 bxc6 5. d3 Ne7 6. Qe2 Ng6 7. h4 Qc7 8. e5
f6 9. exf6 gxf6 10. Nc3 d5 11. h5 Ne7 12. g4 h6 13. Nh4 Bd7 14. Bd2 Bg7 15. f4
O-O-O 16. O-O-O Rhg8 17. f5 e5 18. Ng6 Rge8 19. Na4 Qb8 20. c4 e4 21. Nxc5 Qb6
22. d4 dxc4 23. Nxe7+ Rxe7 24. Rh3 Be8 25. Qxc4 Bf7 26. Qa4 Qb5 27. Qxb5 cxb5
28. Ba5 Rd5 29. Re3 Be8 30. Nxe4 Bc6 31. Nd6+ Kd7 32. Rxe7+ Kxe7 33. Ne4 Rd7 34.
Bb4+ Kf7 35. Nd6+ Kg8 36. Re1 Bf8 37. Re6 Bxd6 38. Bxd6 Kf7 39. Be5 fxe5 1/2-1/2

[Event "Druzynowe Mistrzostwa Polski Juniorow - Ekstraliga"]
[Site "Osrodek Wczasowo - Szkoleniowy "Relax" ul. Stroma 20, 43-450 Ustron"]
[Date "2011-07-02"]
[Round "9.2"]
[White "Wieczorek, Oskar"]
[Black "Mondrzycki, Bartlomiej"]
[Result "1-0"]
[WhiteTitle "m"]
[BlackTitle "I"]
[WhiteElo "2383"]
[BlackElo "2048"]

1. e4 c5 2. Nf3 Nc6 3. Bb5 Qc7 4. O-O a6 5. Bxc6 Qxc6 6. Re1 d6 7. c3 e6 8. d4
Nf6 9. e5 dxe5 10. Nxe5 Qd5 11. Be3 cxd4 12. Bxd4 Bc5 13. Bxc5 Qxc5 14. a4 Nd7
15. Nd3 Qc7 16. a5 O-O 17. Nd2 Rd8 18. Qc2 Nc5 19. Nxc5 Qxc5 20. Ne4 Qf5 21. Qb3
Qb5 22. Qxb5 axb5 23. Nc5 Kf8 24. b4 Rb8 25. Rad1 Rxd1 26. Rxd1 Ke7 27. f4 b6
28. axb6 Rxb6 29. Ra1 Kf6 30. Ra7 Rc6 31. Kf2 h6 32. Ke3 g5 33. g3 Kg6 34. Ra5
e5 35. fxe5 Rb6 36. Ra8 Bh3 37. Rd8 Bf1 38. Kd4 Bc4 39. Ne4 Be6 40. Nf6 Kf5 41.
Nd5 Rb7 42. h3 h5 43. Ne3+ Kg6 44. g4 hxg4 45. hxg4 Rc7 46. Rg8+ Kh6 47. Nf5+
Bxf5 48. gxf5 Kh5 49. e6 f6 50. Kd5 Kg4 51. Kd6 Rxc3 52. e7 Re3 53. e8=Q Rxe8
54. Rxe8 Kxf5 55. Rb8 g4 56. Rxb5+ Kf4 1-0

[Event "Druzynowe Mistrzostwa Polski Juniorow - Ekstraliga"]
[Site "Osrodek Wczasowo - Szkoleniowy "Relax" ul. Stroma 20, 43-450 Ustron"]
[Date "2011-07-02"]
[Round "9.3"]
[White "Piotrowski, Przemyslaw"]
[Black "Khamidov, Komil"]
[Result "0-1"]
[WhiteTitle "II+"]
[BlackTitle "I"]
[WhiteElo "1953"]
[BlackElo "2040"]

1. e4 e6 2. d4 d5 3. exd5 exd5 4. c4 Bb4+ 5. Nc3 Nc6 6. Be3 Nge7 7. Bd3 Bf5 8.
Nge2 Bxd3 9. Qxd3 dxc4 10. Qxc4 Qd5 11. Qd3 Bxc3+ 12. bxc3 Qxg2 13. Rg1 Qxh2 14.
Rb1 O-O 15. Kd2 Ng6 16. f4 Rad8 17. Rxb7 Rfe8 18. Rf1 Re7 19. Rb5 h6 20. Rf2 Qh3
21. Ng1 Qg4 22. Ne2 Rde8 23. Rc5 Rxe3 24. Qxe3 Rxe3 25. Kxe3 Nce7 26. f5 Nh4 27.
Kd3 Qh3+ 28. Kd2 Nhxf5 29. Rxc7 Qe3+ 30. Ke1 Ng3 31. Rc5 Ne4 32. Rff5 Nxf5 33.
Rxf5 Qd2+ 0-1

[Event "Druzynowe Mistrzostwa Polski Juniorow - Ekstraliga"]
[Site "Osrodek Wczasowo - Szkoleniowy "Relax" ul. Stroma 20, 43-450 Ustron"]
[Date "2011-07-02"]
[Round "9.4"]
[White "Kulas, Szymon"]
[Black "Gajdamowicz, Patrick"]
[Result "0-1"]
[WhiteTitle "I"]
[BlackTitle "I"]
[WhiteElo "1945"]
[BlackElo "1869"]

1. Nf3 Nf6 2. c4 c5 3. Nc3 Nc6 4. d4 cxd4 5. Nxd4 e6 6. Ndb5 d6 7. Bf4 e5 8. Bg5
a6 9. Na3 Be7 10. g3 Be6 11. Bg2 Rc8 12. O-O O-O 13. b3 d5 14. Bxf6 gxf6 15. Qc1
Qa5 16. Nab1 dxc4 17. bxc4 Bxc4 18. Qh6 f5 19. Nd2 Be6 20. Rfc1 Nd4 21. Nb3 Bxb3
22. axb3 Qd8 23. Rd1 Rxc3 24. e3 Ne2+ 25. Kf1 Qe8 26. Kxe2 Qb5+ 27. Ke1 Rc2 28.
Rd5 0-1

[Event "Druzynowe Mistrzostwa Polski Juniorow - Ekstraliga"]
[Site "Osrodek Wczasowo - Szkoleniowy "Relax" ul. Stroma 20, 43-450 Ustron"]
[Date "2011-07-02"]
[Round "9.5"]
[White "Chenska, Karolina"]
[Black "Iwanow, Anna"]
[Result "0-1"]
[WhiteTitle "I"]
[BlackTitle "WFM"]
[WhiteElo "1662"]
[BlackElo "2162"]

1. e4 c5 2. Nf3 e6 3. d4 cxd4 4. Nxd4 Nc6 5. Nc3 Qc7 6. Be2 Nf6 7. Be3 a6 8. O-O
Bb4 9. Bd3 Nxd4 10. Bxd4 e5 11. Be3 Bxc3 12. bxc3 Qxc3 13. f4 d6 14. fxe5 dxe5
15. Qf3 Be6 16. Bg5 Nd7 17. Rab1 Qc6 18. h4 b5 19. h5 h6 20. Be3 O-O 21. Qg3 Kh7
22. a3 Qd6 23. Ra1 Nb6 24. Kh1 Nc4 25. Bxc4 Bxc4 26. Rf5 Rfe8 27. Re1 Qxa3 28.
Rf3 Qe7 29. Qg4 Qe6 30. Qg3 a5 31. Bc1 b4 32. Bb2 a4 33. Rf5 Ra5 34. Ba1 Qd6 35.
Qf2 Be6 36. Rf3 Rc8 37. Rd3 Qc6 38. Rd2 Rc5 39. Rb1 Qxe4 0-1

[Event "Druzynowe Mistrzostwa Polski Juniorow - Ekstraliga"]
[Site "Osrodek Wczasowo - Szkoleniowy "Relax" ul. Stroma 20, 43-450 Ustron"]
[Date "2011-07-02"]
[Round "9.6"]
[White "Dadello, Aleksandra"]
[Black "Lachowicz, Judyta"]
[Result "1-0"]
[WhiteTitle "I+"]
[BlackTitle "I"]
[WhiteElo "1802"]
[BlackElo "1695"]

1. d4 d5 2. Nc3 Nf6 3. Bg5 Bf5 4. f3 Nc6 5. a3 Bg6 6. Qd2 Qd7 7. O-O-O O-O-O 8.
Nh3 h6 9. Bxf6 gxf6 10. e4 e5 11. Bb5 dxe4 12. d5 Qe7 13. Bxc6 bxc6 14. fxe4 cxd5
15. Nxd5 Qc5 16. Nb6+ Qxb6 17. Qxd8+ Kb7 18. Qd5+ Ka6 19. Rd3 Qc5 20. Qd7 Bxe4
21. Rc3 Qb5 22. Qxf7 Bd6 23. Rd1 Bxg2 24. Qxf6 Be4 25. Qxh8 Qe2 26. Qc8+ Kb6 27.
Qb8+ Ka6 28. Rxd6+ cxd6 29. Qxd6+ Kb5 30. Qxe5+ Kb6 31. Qc7+ Kb5 32. a4+ Kb4 33.
Qc5+ Kxa4 34. Ra3# 1-0

[Event "Druzynowe Mistrzostwa Polski Juniorow - Ekstraliga"]
[Site "Osrodek Wczasowo - Szkoleniowy "Relax" ul. Stroma 20, 43-450 Ustron"]
[Date "2011-07-02"]
[Round "9.7"]
[White "Klepaczka, Tomasz"]
[Black "Popiol, Michal"]
[Result "1-0"]
[WhiteTitle "I++"]
[BlackTitle "II"]
[WhiteElo "2119"]
[BlackElo "1821"]

1. e4 e6 2. d4 d5 3. Nd2 Nf6 4. e5 Nfd7 5. Bd3 c5 6. c3 Nc6 7. Ne2 cxd4 8. cxd4
Qb6 9. Nf3 f6 10. exf6 Nxf6 11. O-O Bd6 12. Bf4 Bxf4 13. Nxf4 O-O 14. Re1 Ne4
15. g3 Qxb2 16. Bxe4 dxe4 17. Rxe4 Qa3 18. d5 exd5 19. Qxd5+ Kh8 20. Ng6+ 1-0

[Event "Druzynowe Mistrzostwa Polski Juniorow - Ekstraliga"]
[Site "Osrodek Wczasowo - Szkoleniowy "Relax" ul. Stroma 20, 43-450 Ustron"]
[Date "2011-07-02"]
[Round "9.8"]
[White "Tomsia, Kamil"]
[Black "Budzinski, Jan"]
[Result "1-0"]
[WhiteTitle "I+"]
[BlackTitle "I"]
[WhiteElo "2090"]
[BlackElo "1960"]

1. d4 d5 2. c4 e6 3. Nc3 Nf6 4. cxd5 exd5 5. Bg5 Be7 6. e3 c6 7. Qc2 Nbd7 8. Bd3
Nh5 9. Bxe7 Qxe7 10. Nge2 g6 11. O-O-O Nb6 12. Rhe1 Be6 13. Kb1 O-O-O 14. f3 f5
15. h3 Bf7 16. g4 fxg4 17. hxg4 Ng7 18. Ng3 Qh4 19. Qg2 Ne6 20. Rh1 Qf6 21. f4
h5 22. gxh5 gxh5 23. Nf5 Rhg8 24. Qh3 Bg6 25. Qh4 Qxh4 26. Nxh4 Bxd3+ 27. Rxd3
Rdf8 28. b3 Kd8 29. Kc2 Rg3 30. Ne2 Rg4 31. Rdd1 Nc8 32. Nf3 Rg2 33. Kd3 Nd6 34.
Rxh5 Ne4 35. Rg1 Rf2 36. Ne5 Nf6 37. Rf5 c5 38. Rxf6 Rxf6 39. Ng4 Rxe2 40. Nxf6
Rxa2 41. Nxd5 cxd4 42. f5 Nc5+ 43. Kxd4 Nxb3+ 44. Ke5 Ke8 45. f6 Ra5 46. Rg8+
Kf7 47. Rg7+ Kf8 48. Rxb7 Nc5 49. Rc7 Ke8 50. e4 Nd3+ 51. Ke6 Ra6+ 52. Kf5 Ra1
53. e5 Re1 54. f7+ Kf8 55. e6 Rf1+ 56. Kg5 Ne5 57. Rc8+ Kg7 58. Rg8+ Kh7 59. Nf6+
1-0

[Event "Druzynowe Mistrzostwa Polski Juniorow - Ekstraliga"]
[Site "Osrodek Wczasowo - Szkoleniowy "Relax" ul. Stroma 20, 43-450 Ustron"]
[Date "2011-07-02"]
[Round "9.9"]
[White "Osinski, Emil"]
[Black "Snihur, Piotr"]
[Result "1-0"]
[WhiteTitle "II"]
[BlackTitle "I"]
[WhiteElo "1685"]
[BlackElo "1859"]

1. c4 e6 2. Nf3 d5 3. cxd5 exd5 4. d4 Bd6 5. g3 Bf5 6. Bg2 c6 7. O-O Nd7 8. Nc3
h6 9. a3 a5 10. Re1 Ngf6 11. Nh4 Bh7 12. e4 dxe4 13. Nxe4 Nxe4 14. Bxe4 O-O 15.
Bxh7+ Kxh7 16. Qb3 Nb6 17. Nf5 Bc7 18. Qd3 Kh8 19. Re4 Re8 20. Bxh6 gxh6 21. Qe3
Qf6 22. Rxe8+ Rxe8 23. Qxe8+ Kh7 24. Ne7 Qg7 25. Re1 1-0

[Event "Druzynowe Mistrzostwa Polski Juniorow - Ekstraliga"]
[Site "Osrodek Wczasowo - Szkoleniowy "Relax" ul. Stroma 20, 43-450 Ustron"]
[Date "2011-07-02"]
[Round "9.10"]
[White "Mirski, Michal"]
[Black "Osinski, Kamil"]
[Result "1-0"]
[WhiteTitle "II+"]
[BlackTitle "II+"]
[WhiteElo "1787"]
[BlackElo "1708"]

1. e4 c5 2. Nf3 a6 3. c4 Nc6 4. Nc3 e6 5. d4 cxd4 6. Nxd4 Nf6 7. Be2 Be7 8. O-O
O-O 9. Be3 Qc7 10. f3 d6 11. Qd2 Rd8 12. Rac1 Bd7 13. Nd5 exd5 14. cxd5 Rdc8 15.
dxc6 bxc6 16. Bc4 c5 17. Ne2 Bb5 18. Qc2 Rab8 19. b3 Nd7 20. Rfd1 Nb6 21. Bxb5
axb5 22. Nc3 Qc6 23. Qe2 b4 24. Nd5 Nxd5 25. Rxd5 Ra8 26. Rc2 Qa6 27. Bf4 Qxe2
28. Rxe2 Ra6 29. Red2 Rcc6 30. Kf2 f6 31. Ke2 Kf7 32. Bg3 g5 33. h4 h6 34. f4
Ke6 35. Kf3 gxh4 36. Bxh4 Kf7 37. Rc2 Ra5 38. Kg4 Kg6 39. f5+ Kf7 40. Bf2 Rb5
41. Be3 Bf8 42. Kh5 Rb8 43. Bf4 Ra8 44. g3 Be7 45. Kg4 Rg8+ 46. Kf3 Kg7 47. Rcd2
Rd8 48. Rh2 Rh8 49. Rc2 Rhc8 50. Rc4 Kh7 51. Rd2 Kg7 52. Rh2 Rh8 53. Ke3 Bf8 54.
Kd3 Kf7 55. Rcc2 Ke8 56. Kc4 Kd7 57. Rh4 Ra6 58. Kd5 Ra3 59. Rch2 Kc7 60. Rg4
Kd7 61. Rg6 Be7 62. Rg7 Ra5 63. Kc4 h5 64. Bxd6 Kxd6 65. Rd2+ Kc6 66. Rxe7 Rg8
67. Re6+ Kc7 68. Rxf6 Rxg3 69. Rc2 Rg4 70. Re6 h4 71. f6 h3 72. Re7+ Kc6 73. f7
Rf4 74. Rd2 Rf3 75. Rd3 Rxa2 76. Re6+ Kc7 77. Rxf3 Rc2+ 78. Kb5 1-0

[Event "Druzynowe Mistrzostwa Polski Juniorow - Ekstraliga"]
[Site "Osrodek Wczasowo - Szkoleniowy "Relax" ul. Stroma 20, 43-450 Ustron"]
[Date "2011-07-02"]
[Round "9.11"]
[White "Tarnowska, Aleksandra"]
[Black "Mucha, Magdalena"]
[Result "1/2-1/2"]
[WhiteTitle "I"]
[BlackTitle "WCM"]
[WhiteElo "1814"]
[BlackElo "1835"]

1. e4 d5 2. exd5 Qxd5 3. Nc3 Qd6 4. Nf3 a6 5. d4 Nf6 6. Be3 e6 7. Bd3 Nbd7 8. O-O
Be7 9. Qd2 c5 10. Ne2 cxd4 11. Nfxd4 Nc5 12. Ng3 Nxd3 13. cxd3 O-O 14. Rac1 Nd5
15. Ne4 Qd8 16. f4 Bf6 17. Nxf6+ Qxf6 18. b3 e5 19. fxe5 Qxe5 20. Rce1 Qd6 21.
Nf5 Bxf5 22. Rxf5 Nxe3 23. Rxe3 Rad8 24. h3 Rfe8 25. Rff3 Qd4 26. Kh2 g6 27. Qf2
Qd6+ 28. Kh1 Rxe3 29. Rxe3 Rc8 30. Qd2 Kg7 31. Re1 Rd8 32. Rd1 Qd4 33. Qc2 Rd6
34. Qe2 b5 35. Qf3 Rf6 36. Qe4 Qxe4 37. dxe4 Rf2 38. a4 Rb2 39. axb5 axb5 40.
Rd3 Kf6 41. Kh2 Ke5 42. Rd5+ Kxe4 43. Rxb5 f5 44. Rb7 f4 45. Re7+ Kd5 46. Kg1
Rxb3 47. Rxh7 Ke4 48. Re7+ Kf5 49. Kf2 1/2-1/2

[Event "Druzynowe Mistrzostwa Polski Juniorow - Ekstraliga"]
[Site "Osrodek Wczasowo - Szkoleniowy "Relax" ul. Stroma 20, 43-450 Ustron"]
[Date "2011-07-02"]
[Round "9.13"]
[White "Matuszewski, Michal"]
[Black "Strzemiecki, Zbigniew"]
[Result "1/2-1/2"]
[WhiteTitle "m"]
[BlackTitle "FM"]
[WhiteElo "2319"]
[BlackElo "2422"]

1. d4 Nf6 2. c4 e6 3. Nc3 Bb4 4. e3 c5 5. Nge2 cxd4 6. exd4 O-O 7. a3 Be7 8. d5
exd5 9. cxd5 Bc5 10. b4 Bb6 11. Na4 Re8 12. Nxb6 Qxb6 13. Be3 Qd8 14. Nc3 d6 15.
Be2 Bf5 16. O-O Nbd7 17. Rc1 a6 18. Qd4 Ne4 19. Bf3 Nxc3 20. Rxc3 Ne5 21. Be2
Rc8 22. Rxc8 Qxc8 23. Rc1 Qb8 24. h3 Rc8 25. Rxc8+ Qxc8 26. Qb6 Qd7 27. b5 axb5
28. Bxb5 Qe7 29. a4 h6 30. a5 Kh7 31. a6 1/2-1/2

[Event "Druzynowe Mistrzostwa Polski Juniorow - Ekstraliga"]
[Site "Osrodek Wczasowo - Szkoleniowy "Relax" ul. Stroma 20, 43-450 Ustron"]
[Date "2011-07-02"]
[Round "9.14"]
[White "Krzyzanowski, Marcin"]
[Black "Matuszczyk, Przemyslaw"]
[Result "1-0"]
[WhiteTitle "m"]
[BlackTitle "I++"]
[WhiteElo "2370"]
[BlackElo "2032"]

1. e4 c6 2. d4 d5 3. Nc3 dxe4 4. Nxe4 Nf6 5. Nxf6+ exf6 6. c3 Bd6 7. Bd3 Be6 8.
Ne2 Qc7 9. Qc2 Nd7 10. c4 c5 11. d5 Bg4 12. h3 Bxe2 13. Qxe2+ Kf8 14. O-O h5 15.
f4 g6 16. Bd2 Re8 17. Qf3 Kg7 18. Rae1 Qd8 19. Rxe8 Rxe8 20. g3 b6 21. Bc3 Qe7
22. Kf2 Rh8 23. Bc2 Qd8 24. Ke2 Qc8 25. Ba4 Nb8 26. Kd2 Qd8 27. Kc1 Be7 28. Re1
Qd6 29. Qe3 Bd8 30. f5 Rf8 31. g4 h4 32. g5 Qg3 33. gxf6+ Bxf6 34. Bxf6+ Kxf6
35. Qe7+ Kg7 36. f6+ Kh7 37. a3 Qf4+ 38. Kb1 Qf5+ 39. Ka2 1-0

[Event "Druzynowe Mistrzostwa Polski Juniorow - Ekstraliga"]
[Site "Osrodek Wczasowo - Szkoleniowy "Relax" ul. Stroma 20, 43-450 Ustron"]
[Date "2011-07-02"]
[Round "9.15"]
[White "Cieslak, Patrycjusz"]
[Black "Jarmula, Lukasz"]
[Result "0-1"]
[WhiteTitle "II"]
[BlackTitle "I+"]
[WhiteElo "1734"]
[BlackElo "1871"]

1. d4 d5 2. Nc3 Nf6 3. Bg5 c6 4. f3 Qb6 5. Rb1 h6 6. Bxf6 exf6 7. e4 dxe4 8. fxe4
Bb4 9. Nge2 O-O 10. a3 Bxc3+ 11. Nxc3 Rd8 12. Ne2 Be6 13. c3 Ba2 14. g3 Bxb1 15.
Qxb1 Nd7 16. Bg2 Qb5 17. Qc2 a5 18. O-O Nb6 19. b3 a4 20. Rb1 axb3 21. Rxb3 Qa6
22. Bf1 Nc4 23. Nc1 b5 24. Bxc4 bxc4 25. Rb4 Qxa3 26. Rxc4 Rdb8 27. Qd2 Rb1 0-1

[Event "Druzynowe Mistrzostwa Polski Juniorow - Ekstraliga"]
[Site "Osrodek Wczasowo - Szkoleniowy "Relax" ul. Stroma 20, 43-450 Ustron"]
[Date "2011-07-02"]
[Round "9.16"]
[White "Maciejewski, Andrzej"]
[Black "Koziol, Kamil"]
[Result "1-0"]
[WhiteTitle "I"]
[BlackTitle "II"]
[WhiteElo "1747"]
[BlackElo "1768"]

1. e4 e5 2. Nf3 Nc6 3. Bb5 a6 4. Ba4 Nf6 5. O-O Nxe4 6. Re1 Nc5 7. Bxc6 dxc6 8.
Nxe5 Be7 9. d4 Ne6 10. Be3 O-O 11. Nc3 f6 12. Nf3 Re8 13. Qd3 Nf8 14. h3 Be6 15.
Rad1 Bd6 16. Ne4 Bf5 17. Qc4+ Be6 18. Qd3 Bd5 19. Nfd2 Ng6 20. c4 Bf7 21. a3 Nf4
22. Qc3 Bh5 23. f3 Ne6 24. d5 cxd5 25. cxd5 Ng5 26. Bxg5 fxg5 27. Nxd6 Qxd6 28.
Ne4 Qf4 29. Qb3 Kh8 30. Qxb7 Rab8 31. Qxa6 Rxb2 32. Qd3 h6 33. Rc1 Reb8 34. Rb1
R8b3 35. Qxb3 Rxb3 36. Rxb3 Bg6 37. a4 Bxe4 38. fxe4 Qd2 39. Rbe3 Kg8 40. e5 Kf8
41. e6 Ke7 42. Re5 Qd4+ 43. Kh1 Qxa4 44. Rf5 Qb4 45. Ref1 Ke8 46. Rf8+ Qxf8 47.
Rxf8+ Kxf8 48. Kh2 Ke7 49. Kg3 g6 50. Kf3 h5 51. g4 c6 52. Ke4 Kd6 53. dxc6 Kxe6
54. c7 Kd7 55. Ke5 Kxc7 56. Kf6 Kd7 57. Kxg5 hxg4 58. hxg4 1-0

[Event "Druzynowe Mistrzostwa Polski Juniorow - Ekstraliga"]
[Site "Osrodek Wczasowo - Szkoleniowy "Relax" ul. Stroma 20, 43-450 Ustron"]
[Date "2011-07-02"]
[Round "9.17"]
[White "Krupa, Anna"]
[Black "Leks, Maria"]
[Result "1-0"]
[WhiteTitle "I++"]
[BlackTitle "WCM"]
[WhiteElo "1899"]
[BlackElo "2058"]

1. d4 d6 2. Nf3 Nd7 3. c3 Ngf6 4. Bg5 e5 5. dxe5 dxe5 6. Nbd2 Be7 7. e4 O-O 8.
Be2 Ne8 9. Bxe7 Qxe7 10. O-O b6 11. Re1 Bb7 12. Bf1 Rd8 13. Qc2 Nd6 14. a4 f5
15. exf5 Rxf5 16. Bd3 Rh5 17. Ne4 Nc5 18. Nxd6 Rxd6 19. Bc4+ Kh8 20. Re3 Rdh6
21. h3 Rg6 22. Rae1 Bxf3 23. Rxf3 Rhg5 24. g3 Rf6 25. Qd1 c6 26. b4 Nb7 27. Ba2
e4 28. Rd3 Rd6 29. Rd4 h5 30. Qb3 Kh7 31. Qg8+ Kh6 32. Rdxe4 Qd8 33. Re8 Qd7 34.
Qh8+ Kg6 35. Bb1+ Rf5 36. R8e7 Qxe7 37. Bxf5+ Kxf5 38. Rxe7 Rd5 1-0

[Event "Druzynowe Mistrzostwa Polski Juniorow - Ekstraliga"]
[Site "Osrodek Wczasowo - Szkoleniowy "Relax" ul. Stroma 20, 43-450 Ustron"]
[Date "2011-07-02"]
[Round "9.18"]
[White "Pastuszko, Kinga"]
[Black "Konopacka, Martyna"]
[Result "1-0"]
[WhiteTitle "I++"]
[BlackTitle "II+"]
[WhiteElo "1862"]
[BlackElo "1646"]

1. e4 e5 2. Nf3 Nc6 3. Bc4 Bc5 4. c3 Nf6 5. d4 exd4 6. e5 d5 7. Bb5 Ne4 8. cxd4
Bb6 9. Nc3 O-O 10. Be3 Ba5 11. Qb3 Be6 12. O-O a6 13. Bxc6 bxc6 14. Qa4 Bxc3 15.
bxc3 Qd7 16. Qa3 Rfb8 17. Rab1 Qc8 18. Rxb8 Rxb8 19. Ne1 Qd8 20. f3 Ng5 21. h4
Nh3+ 22. gxh3 Qxh4 23. Ng2 Qg3 24. Qxa6 Bxh3 25. Qe2 h5 26. Qf2 Qg6 27. Kh2 Bxg2
28. Qxg2 Qe6 29. Rg1 g6 30. Qc2 Kf8 31. Bg5 Ke8 32. Rb1 Qc8 33. Rxb8 Qxb8 34.
a4 Kd7 35. Qa2 Kc8 36. Qa3 Qb1 37. Qf8+ Kb7 38. Qb4+ Qxb4 39. cxb4 Ka6 40. Kg3
Kb7 41. Kf4 Kc8 42. Bh4 Kd7 43. Kg5 c5 44. bxc5 c6 45. Kf6 Kc7 46. Kxf7 Kb7 47.
Kxg6 Kc7 48. f4 Kd7 49. f5 Kc8 50. f6 Kd7 51. f7 Kc7 52. f8=Q Kb7 53. Qd8 Ka7
54. Qb6+ Ka8 55. Bd8 h4 56. Bc7 h3 57. Qb8+ 1-0

[Event "Druzynowe Mistrzostwa Polski Juniorow - Ekstraliga"]
[Site "Osrodek Wczasowo - Szkoleniowy "Relax" ul. Stroma 20, 43-450 Ustron"]
[Date "2011-07-02"]
[Round "9.19"]
[White "Lapaj, Mateusz"]
[Black "Kanarek, Marcel"]
[Result "0-1"]
[WhiteTitle "I+"]
[BlackTitle "IM"]
[WhiteElo "2021"]
[BlackElo "2435"]

1. e4 c5 2. Nc3 Nc6 3. g3 g6 4. Bg2 Bg7 5. Nge2 e6 6. d3 Nge7 7. Be3 Nd4 8. O-O
O-O 9. Qd2 Rb8 10. Kh1 b5 11. Ng1 b4 12. Nce2 d5 13. Nxd4 cxd4 14. Bh6 dxe4 15.
Bxg7 Kxg7 16. dxe4 e5 17. f4 Nc6 18. fxe5 Nxe5 19. Qf4 Rb5 20. Nf3 Nxf3 21. Rxf3
Qe7 22. Rd1 Ra5 23. a3 bxa3 24. Qd2 Qe5 25. Rxa3 Rxa3 26. bxa3 Rd8 27. Qd3 Bg4
28. Rb1 Rc8 29. Rb4 Rc3 30. Qxd4 Qxd4 31. Rxd4 Rxa3 32. Kg1 Be6 33. Bf1 Kf6 34.
Bd3 a5 35. Kf2 Ra1 36. Bb5 Ke5 37. c3 Rc1 38. Ra4 Rxc3 39. Be2 Rc5 40. Ke3 Bb3
0-1

[Event "Druzynowe Mistrzostwa Polski Juniorow - Ekstraliga"]
[Site "Osrodek Wczasowo - Szkoleniowy "Relax" ul. Stroma 20, 43-450 Ustron"]
[Date "2011-07-02"]
[Round "9.20"]
[White "Weichhold, Pawel"]
[Black "Szolc, Grzegorz"]
[Result "1-0"]
[WhiteTitle "k+"]
[BlackTitle "II"]
[WhiteElo "2285"]
[BlackElo "1733"]

1. e4 g6 2. d4 Bg7 3. Nc3 c6 4. Nf3 d5 5. h3 Nf6 6. Bd3 dxe4 7. Nxe4 Nbd7 8. Bf4
Nxe4 9. Bxe4 Nf6 10. Bd3 Nd5 11. Bd2 O-O 12. c3 Re8 13. O-O Qc7 14. Re1 Bd7 15.
Ne5 Rad8 16. Qf3 Be6 17. Bc4 Qc8 18. b4 f6 19. Ng4 Bf7 20. Re2 Nb6 21. Bd3 Nc4
22. Bf4 Nd6 23. Rae1 Qd7 24. Bh2 Bd5 25. Qf4 Bc4 26. Bxc4+ Nxc4 27. Kf1 Nd6 28.
Re6 Nf7 29. R6e2 f5 30. Ne5 Nxe5 31. dxe5 e6 32. Bg3 Qd5 33. Kg1 a5 34. Bh4 Rd7
35. bxa5 Qxa5 36. Qc4 Rd5 37. Bf6 Qc5 38. Qh4 Rf8 39. Be7 Qxc3 40. Bxf8 Kxf8 41.
Qxh7 Kf7 42. h4 Rd2 43. h5 gxh5 44. Qxh5+ Kf8 45. Rxd2 Qxd2 46. Rd1 Qa5 47. f4
1-0

[Event "Druzynowe Mistrzostwa Polski Juniorow - Ekstraliga"]
[Site "Osrodek Wczasowo - Szkoleniowy "Relax" ul. Stroma 20, 43-450 Ustron"]
[Date "2011-07-02"]
[Round "9.21"]
[White "Rosicki, Marcin"]
[Black "Lebiedowicz, Borys"]
[Result "0-1"]
[WhiteTitle "II"]
[BlackTitle "II"]
[WhiteElo "1603"]
[BlackElo "1682"]

1. e4 c5 2. Nf3 e6 3. d4 cxd4 4. Nxd4 a6 5. Nc3 Qc7 6. Bd3 b5 7. a3 Bb7 8. O-O
Nc6 9. Be3 Nf6 10. Kh1 d6 11. f4 Be7 12. Be2 O-O 13. Bf3 Na5 14. Rb1 Nc4 15. Bg1
Nxa3 16. e5 dxe5 17. fxe5 Nxb1 18. exf6 Nxc3 19. bxc3 Bxf6 20. Qd2 Bxf3 21. Rxf3
Rfd8 22. Qf2 Rd5 23. Rg3 Bh4 24. Rxg7+ Kxg7 25. Qxh4 Qd8 0-1

[Event "Druzynowe Mistrzostwa Polski Juniorow - Ekstraliga"]
[Site "Osrodek Wczasowo - Szkoleniowy "Relax" ul. Stroma 20, 43-450 Ustron"]
[Date "2011-07-02"]
[Round "9.22"]
[White "Januszkiewicz, Wojciech"]
[Black "Erdmann, Krzysztof"]
[Result "1-0"]
[WhiteTitle "II"]
[BlackTitle "II"]
[WhiteElo "1749"]
[BlackElo "1597"]

1. e4 e5 2. Nf3 Nc6 3. Bc4 Be7 4. O-O Nf6 5. d3 O-O 6. Re1 d6 7. a4 h6 8. a5 a6
9. Bd2 Be6 10. Nc3 Bxc4 11. dxc4 Re8 12. Nd5 Bf8 13. Qe2 Nxd5 14. cxd5 Ne7 15.
Qd3 g6 16. b4 Bg7 17. c4 f5 18. g3 Qc8 19. Ra2 g5 20. b5 f4 21. Bb4 Ng6 22. c5
g4 23. Nd2 axb5 24. cxd6 cxd6 25. Bxd6 Qd7 26. Bb4 b6 27. Nb3 h5 28. d6 fxg3 29.
fxg3 Rf8 30. Rc2 Rf3 31. Qd5+ 1-0

[Event "Druzynowe Mistrzostwa Polski Juniorow - Ekstraliga"]
[Site "Osrodek Wczasowo - Szkoleniowy "Relax" ul. Stroma 20, 43-450 Ustron"]
[Date "2011-07-02"]
[Round "9.23"]
[White "Rudol, Maria"]
[Black "Adamowicz, Katarzyna"]
[Result "0-1"]
[WhiteTitle "II"]
[BlackTitle "WFM"]
[WhiteElo "1462"]
[BlackElo "2106"]

1. c4 e5 2. Nc3 Nf6 3. g3 Nc6 4. Bg2 Bc5 5. e3 d6 6. Nge2 a6 7. O-O O-O 8. h3 Ba7
9. a3 Ne7 10. Kh2 c6 11. d4 h6 12. b3 exd4 13. Nxd4 d5 14. cxd5 Nexd5 15. Nxd5
Nxd5 16. Bb2 Qe7 17. Qe2 Bd7 18. Rfd1 Rfe8 19. b4 Rad8 20. Rac1 Nf6 21. Nf3 Bb8
22. Rd2 Ne4 23. Rd4 Bf5 24. Rcd1 Rxd4 25. Nxd4 Bg6 26. Nb3 Qg5 27. Bxe4 Bxe4 28.
Nc5 Bg6 29. Qf1 Bh5 30. Rd2 Rxe3 31. fxe3 Qxg3+ 32. Kh1 Bf3+ 33. Rg2 Qh2# 0-1

[Event "Druzynowe Mistrzostwa Polski Juniorow - Ekstraliga"]
[Site "Osrodek Wczasowo - Szkoleniowy "Relax" ul. Stroma 20, 43-450 Ustron"]
[Date "2011-07-02"]
[Round "9.24"]
[White "Czaplewska, Klara"]
[Black "Rudol, Matylda"]
[Result "1-0"]
[WhiteTitle "I"]
[BlackTitle "II"]
[WhiteElo "1586"]
[BlackElo "1466"]

1. e4 d5 2. exd5 Qxd5 3. Nf3 Nf6 4. d4 c6 5. c4 Qd8 6. Be2 g6 7. O-O Bg7 8. h3
O-O 9. Be3 h6 10. Nc3 Bf5 11. Qd2 Kh7 12. Rad1 Ne4 13. Nxe4 Bxe4 14. Nh2 Na6 15.
b3 Nc7 16. Ng4 g5 17. h4 f6 18. Bd3 Bxd3 19. Qxd3+ f5 20. hxg5 hxg5 21. Bxg5 Kg6
22. f4 Ne6 23. Rfe1 Bxd4+ 24. Kh1 Rh8+ 25. Nh2 Nxg5 26. fxg5 Qd6 27. g3 Rad8 28.
Qf3 Qa3 29. Re6+ Kg7 30. Qxf5 Rxh2+ 31. Kxh2 Qb2+ 32. Kh3 Rh8+ 33. Rh6 Rxh6+ 34.
gxh6+ Kxh6 35. Qf4+ Kg6 36. Rxd4 1-0

[Event "Druzynowe Mistrzostwa Polski Juniorow - Ekstraliga"]
[Site "Osrodek Wczasowo - Szkoleniowy "Relax" ul. Stroma 20, 43-450 Ustron"]
[Date "2011-07-02"]
[Round "9.25"]
[White "Sadzikowski, Daniel"]
[Black "Dragun, Kamil"]
[Result "1/2-1/2"]
[WhiteTitle "FM"]
[BlackTitle "IM"]
[WhiteElo "2374"]
[BlackElo "2420"]

1. d4 Nf6 2. c4 g6 3. Nc3 Bg7 4. e4 O-O 5. Nf3 d6 6. h3 e5 7. d5 a5 8. Bg5 Qe8
9. g4 Nfd7 10. Rg1 Nc5 11. Qd2 Nba6 12. O-O-O Bd7 13. Kb1 Rb8 14. Re1 Nb4 15.
h4 f6 16. Be3 Qe7 17. h5 g5 18. Bxc5 dxc5 19. a3 Na6 20. d6 cxd6 21. Nb5 b6 22.
Qxd6 Qxd6 23. Nxd6 Rfd8 24. Nb5 Bc6 25. Kc2 Rd7 26. Nd2 Nc7 27. Nxc7 Rxc7 28.
Nb1 Rd7 29. f3 Rbd8 30. Rg2 Bf8 31. Rd2 Rd4 32. Bd3 Ba4+ 33. Kc3 Kf7 34. Re3 b5
35. b3 1/2-1/2

[Event "Druzynowe Mistrzostwa Polski Juniorow - Ekstraliga"]
[Site "Osrodek Wczasowo - Szkoleniowy "Relax" ul. Stroma 20, 43-450 Ustron"]
[Date "2011-07-02"]
[Round "9.26"]
[White "Siwiec, Arkadiusz"]
[Black "Lewicki, Miroslaw"]
[Result "1-0"]
[WhiteTitle "I++"]
[BlackTitle "CM"]
[WhiteElo "2123"]
[BlackElo "2196"]

1. e4 c5 2. Nf3 d6 3. d4 cxd4 4. Nxd4 Nf6 5. Nc3 a6 6. Bg5 e6 7. f4 Nbd7 8. Qf3
Qc7 9. O-O-O b5 10. Bd3 Bb7 11. Rhe1 Qb6 12. Nd5 Qxd4 13. Bxf6 gxf6 14. Bxb5 Qc5
15. Nxf6+ Kd8 16. Nxd7 Qxb5 17. Nxf8 Rxf8 18. Qa3 Ke8 19. Qxd6 Qc6 20. Qd4 Rc8
21. Rd2 Rg8 22. Re3 Qc7 23. Rc3 Bc6 24. f5 e5 25. Qc5 Qe7 26. Rd6 Qg5+ 27. Kb1
Qf4 28. b3 Rxg2 29. f6 1-0